[Event "SVK-chT3B2 1819"]
[Site "Slovakia"]
[Date "2019.02.24"]
[Round "8.5"]
[White "Poruban, Lubomir"]
[Black "Struhar, Jozef"]
[Result "0-1"]
[WhiteElo "1701"]
[BlackElo "1730"]
[PlyCount "82"]
[EventDate "2018.10.21"]
[EventType "team-tourn"]
[EventRounds "11"]
[EventCountry "SVK"]
[SourceTitle "CBM 189 Extra"]
[Source "ChessBase"]
[SourceDate "2019.05.31"]
[SourceVersion "1"]
[SourceVersionDate "2019.05.31"]
[SourceQuality "1"]
[WhiteTeam "Nemsova Horne Srnie"]
[BlackTeam "Dubnica nad Vahom  III"]
[WhiteTeamCountry "SVK"]
[BlackTeamCountry "SVK"]

1. e4 d6 2. d4 g6 3. Nf3 Bg7 4. Bc4 e6 5. 0-0 Nd7 6. Bg5 Ne7 7. c3 a6 8. a4 b6 9. Nbd2 c5 10. Nb3 Qc7 11. Qe2 h6 12. Bxe7 Kxe7 13. Rfd1 Bb7 14. d5 e5 15. Bd3 Nf6 16. Nbd2 Nh5 17. g3 Nf6 18. Nf1 Qd7 19. c4 Qh3 20. Ne3 Bc8 21. Qf1 Qh5 22. Nh4 Ng4 23. Nxg4 Qxg4 24. f3 Qg5 25. Qf2 f5 26. Ng2 h5 27. Qd2 Qf6 28. Rf1 Bh6 29. Qe2 f4 30. Qf2 g5 31. Ra2 Bh3 32. Rb1 a5 33. b3 Raf8 34. Ne1 fxg3 35. hxg3 g4 36. Be2 gxf3 37. Bxf3 Qg6 38. Kh2 Bg4 39. Qe2 h4 40. Bxg4 hxg3+ 41. Kg1 Rf2 0-1

[Event "SVK-chT3B2 1819"]
[Site "Slovakia"]
[Date "2018.12.09"]
[Round "4.5"]
[White "Krajcovic, Miroslav"]
[Black "Struhar, Jozef"]
[Result "0-1"]
[WhiteElo "1683"]
[BlackElo "1730"]
[PlyCount "102"]
[EventDate "2018.10.21"]
[EventType "team-tourn"]
[EventRounds "11"]
[EventCountry "SVK"]
[SourceTitle "CBM 189 Extra"]
[Source "ChessBase"]
[SourceDate "2019.05.31"]
[SourceVersion "1"]
[SourceVersionDate "2019.05.31"]
[SourceQuality "1"]
[WhiteTeam "Povazske Podhradie "]
[BlackTeam "Dubnica nad Vahom  III"]
[WhiteTeamCountry "SVK"]
[BlackTeamCountry "SVK"]

1. e4 g6 2. d4 Bg7 3. Nc3 d6 4. h3 Nd7 5. Nf3 a6 6. Be3 b5 7. a3 Bb7 8. Be2 Rc8 9. Qd2 e6 10. 0-0 Nb6 11. Rad1 d5 12. e5 Nc4 13. Bxc4 bxc4 14. Na4 Rb8 15. Qc3 Ne7 16. Bg5 h6 17. Bd2 0-0 18. b3 Bc6 19. Nc5 cxb3 20. cxb3 Qc8 21. Rb1 Kh7 22. Qd3 Bb5 23. Qc2 Bxf1 24. Kxf1 Rb6 25. Qd3 Nf5 26. Bb4 Re8 27. Rc1 Bf8 28. Bd2 Rd8 29. b4 Be7 30. g4 Nh4 31. Qe3 Nxf3 32. Qxf3 Kg7 33. Na4 Rb7 34. Nb2 a5 35. Nd3 axb4 36. axb4 Qa8 37. Nc5 Ra7 38. Kg2 Ra3 39. Qd1 Qa7 40. Rc2 Ra1 41. Qe2 Ra2 42. Rxa2 Qxa2 43. Qd3 Ra8 44. Be3 Qc4 45. Qd2 g5 46. h4 Ra2 47. Qe1 gxh4 48. Qb1 Bg5 49. Bxg5 hxg5 50. b5 Qe2 51. Nd3 Rd2 0-1

[Event "SVK-chT3B2 1718"]
[Site "Slovakia"]
[Date "2018.03.25"]
[Round "11.7"]
[White "Struhar, Jozef"]
[Black "Uhrecky, Urban"]
[Result "1-0"]
[WhiteElo "1738"]
[BlackElo "1596"]
[PlyCount "55"]
[EventDate "2017.10.08"]
[EventType "team-tourn"]
[EventRounds "11"]
[EventCountry "SVK"]
[SourceTitle "EXT 2020"]
[Source "ChessBase"]
[SourceDate "2019.10.17"]
[SourceVersion "1"]
[SourceVersionDate "2019.10.17"]
[SourceQuality "1"]
[WhiteTeam "Dubnica nad Vahom III"]
[BlackTeam "Bojnice"]
[WhiteTeamCountry "SVK"]
[BlackTeamCountry "SVK"]

1. e4 c5 2. f4 e6 3. Nf3 Be7 4. d4 cxd4 5. Nxd4 Nc6 6. Nc3 a6 7. Nb3 b5 8. Be3 Bb4 9. a3 Bxc3+ 10. bxc3 d6 11. Bd3 Nge7 12. 0-0 g6 13. Nd4 0-0 14. Nf3 e5 15. Qe1 f6 16. Qg3 Qd7 17. f5 Kh8 18. Bh6 Rg8 19. Qh4 g5 20. Nxg5 Qe8 21. Rf3 fxg5 22. Bxg5 Ra7 23. Bf6+ Rg7 24. Bxg7+ Kxg7 25. f6+ Kh8 26. fxe7 Qxe7 27. Qf6+ Qxf6 28. Rxf6 1-0

[Event "SVK-chT3B2 1718"]
[Site "Slovakia"]
[Date "2018.01.21"]
[Round "8.6"]
[White "Struhar, Jozef"]
[Black "Csollar, Tibor"]
[Result "0-1"]
[WhiteElo "1738"]
[BlackElo "1671"]
[PlyCount "26"]
[EventDate "2017.10.08"]
[EventType "team-tourn"]
[EventRounds "11"]
[EventCountry "SVK"]
[SourceTitle "EXT 2019"]
[Source "ChessBase"]
[SourceDate "2018.10.10"]
[SourceVersion "1"]
[SourceVersionDate "2018.10.10"]
[SourceQuality "1"]
[WhiteTeam "Dubnica nad Vahom III"]
[BlackTeam "Chynorany"]
[WhiteTeamCountry "SVK"]
[BlackTeamCountry "SVK"]

1. e4 d6 2. d4 e6 3. f4 c5 4. dxc5 Qa5+ 5. Bd2 Qxc5 6. Bc3 Qc7 7. Nf3 Nc6 8. Bd3 Nge7 9. Qd2 Ng6 10. Qe3 d5 11. exd5 Nxf4 12. 0-0 Nxd5 13. Bb5 Nxe3 0-1

[Event "SVK-chT3B2 1718"]
[Site "Slovakia"]
[Date "2017.12.03"]
[Round "5.4"]
[White "Struhar, Jozef"]
[Black "Janicek, Jozef"]
[Result "1-0"]
[WhiteElo "1738"]
[BlackElo "1611"]
[PlyCount "47"]
[EventDate "2017.10.08"]
[EventType "team-tourn"]
[EventRounds "11"]
[EventCountry "SVK"]
[SourceTitle "EXT 2019"]
[Source "ChessBase"]
[SourceDate "2018.10.10"]
[SourceVersion "1"]
[SourceVersionDate "2018.10.10"]
[SourceQuality "1"]
[WhiteTeam "Dubnica nad Vahom III"]
[BlackTeam "Belusa"]
[WhiteTeamCountry "SVK"]
[BlackTeamCountry "SVK"]

1. e4 e6 2. d4 d5 3. Nc3 Bb4 4. e5 c5 5. a3 Bxc3+ 6. bxc3 c4 7. Qg4 g6 8. Bg5 f6 9. exf6 Nxf6 10. Qh4 0-0 11. f3 Nbd7 12. Nh3 Rf7 13. Be2 Qa5 14. Kd2 Qc7 15. Bf4 Qc6 16. g4 Nf8 17. Be5 N6d7 18. f4 Nxe5 19. fxe5 Qd7 20. Rhf1 Qe7 21. Ng5 Bd7 22. Rxf7 Qxf7 23. Nxf7 Kxf7 24. Rf1+ 1-0

[Event "SVK-chT3B2 1718"]
[Site "Slovakia"]
[Date "2017.10.22"]
[Round "2.4"]
[White "Duda, Daniel"]
[Black "Struhar, Jozef"]
[Result "1-0"]
[WhiteElo "1553"]
[BlackElo "1738"]
[PlyCount "111"]
[EventDate "2017.10.08"]
[EventType "team-tourn"]
[EventRounds "11"]
[EventCountry "SVK"]
[SourceTitle "EXT 2019"]
[Source "ChessBase"]
[SourceDate "2018.10.10"]
[SourceVersion "1"]
[SourceVersionDate "2018.10.10"]
[SourceQuality "1"]
[WhiteTeam "Dubnica nad Vahom IV"]
[BlackTeam "Dubnica nad Vahom III"]
[WhiteTeamCountry "SVK"]
[BlackTeamCountry "SVK"]

1. d4 c5 2. d5 Nf6 3. Nf3 d6 4. Nc3 g6 5. e4 Nh5 6. Be2 Ng7 7. Bh6 a6 8. 0-0 e5 9. dxe6 Nxe6 10. Bxf8 Kxf8 11. e5 Kg7 12. exd6 Nc6 13. h3 Ncd4 14. Ne4 Nxe2+ 15. Qxe2 f5 16. Ng3 Qxd6 17. Rad1 Qf8 18. h4 Qf6 19. h5 Nd4 20. Nxd4 cxd4 21. Qc4 Rd8 22. Rfe1 b5 23. Qc5 Rd6 24. Qc7+ Bd7 25. Re2 Rc8 26. Qa7 Rf8 27. Rde1 Rf7 28. Qc7 Re6 29. Rxe6 Bxe6 30. Qd6 Bc8 31. Qb8 Bd7 32. Rd1 Be6 33. b3 Rd7 34. hxg6 hxg6 35. Ne2 Bf7 36. Rd3 g5 37. Rh3 Kg6 38. Qf8 Qg7 39. Qc8 Be6 40. Rg3 Kf7 41. Qc6 Qf6 42. Qxa6 f4 43. Rd3 Qe5 44. Kf1 Bf5 45. Rd2 d3 46. cxd3 Rxd3 47. Qb7+ Kf6 48. Qb6+ Kg7 49. Qb7+ Kh6 50. Qc6+ Kh5 51. Rxd3 Qa1+ 52. Qc1 Qxc1+ 53. Nxc1 Bxd3+ 54. Nxd3 Kg4 55. a4 Kf5 56. a5 1-0

[Event "SVK-chT3B2 1718"]
[Site "Slovakia"]
[Date "2017.10.08"]
[Round "1.5"]
[White "Zakovicova, Silvia"]
[Black "Struhar, Jozef"]
[Result "0-1"]
[WhiteElo "1638"]
[BlackElo "1738"]
[PlyCount "54"]
[EventDate "2017.10.08"]
[EventType "team-tourn"]
[EventRounds "11"]
[EventCountry "SVK"]
[SourceTitle "EXT 2019"]
[Source "ChessBase"]
[SourceDate "2018.10.10"]
[SourceVersion "1"]
[SourceVersionDate "2018.10.10"]
[SourceQuality "1"]
[WhiteTeam "Prievidza II"]
[BlackTeam "Dubnica nad Vahom III"]
[WhiteTeamCountry "SVK"]
[BlackTeamCountry "SVK"]

1. e4 c5 2. Nf3 Nc6 3. Nc3 d6 4. Bc4 e6 5. 0-0 a6 6. a4 g6 7. d4 cxd4 8. Nxd4 Bg7 9. Be3 Nge7 10. f4 0-0 11. Qd2 Qc7 12. Rae1 Rd8 13. Nxc6 Nxc6 14. f5 Ne5 15. fxg6 Nxc4 16. gxh7+ Kh8 17. Qf2 Nxe3 18. Rxe3 f6 19. Qh4 Rf8 20. Rg3 b6 21. e5 Qc5+ 22. Kh1 Qxe5 23. Ne4 Bb7 24. Rf4 f5 25. Qe7 Bxe4 26. Rh4 Bxc2 27. Re4 fxe4 0-1

[Event "SVK-chT3B2 1617"]
[Site "Slovakia"]
[Date "2017.03.19"]
[Round "10.7"]
[White "Struhar, Jozef"]
[Black "Huserka, Frantisek"]
[Result "1-0"]
[WhiteElo "1712"]
[BlackElo "1448"]
[PlyCount "51"]
[EventDate "2016.10.16"]
[EventType "team-tourn"]
[EventRounds "11"]
[EventCountry "SVK"]
[SourceTitle "EXT 2020"]
[Source "ChessBase"]
[SourceDate "2019.10.17"]
[SourceVersion "1"]
[SourceVersionDate "2019.10.17"]
[SourceQuality "1"]
[WhiteTeam "Dubnica nad Vahom III"]
[BlackTeam "Nemsova Horne Srnie"]
[WhiteTeamCountry "SVK"]
[BlackTeamCountry "SVK"]

1. e4 e6 2. d4 d5 3. Nc3 Bb4 4. e5 Bxc3+ 5. bxc3 Nc6 6. Qg4 g6 7. Bg5 Nge7 8. Nh3 h6 9. Bd2 Nf5 10. Bd3 Nce7 11. 0-0 Bd7 12. Qf3 Ba4 13. g4 Nh4 14. Qg3 g5 15. f4 Neg6 16. fxg5 hxg5 17. Bxg5 Qd7 18. Bxh4 Rxh4 19. Bxg6 Rxh3 20. Qxh3 0-0-0 21. Rxf7 Qb5 22. Raf1 Kb8 23. Rf8 Kc8 24. Qh8 Qd7 25. Rxd8+ Qxd8 26. Rf8 1-0

[Event "SVK-chT3B2 1617"]
[Site "Slovakia"]
[Date "2017.03.05"]
[Round "9.5"]
[White "Kralik, Erik"]
[Black "Struhar, Jozef"]
[Result "1/2-1/2"]
[WhiteElo "1691"]
[BlackElo "1712"]
[PlyCount "72"]
[EventDate "2016.10.16"]
[EventType "team-tourn"]
[EventRounds "11"]
[EventCountry "SVK"]
[SourceTitle "EXT 2020"]
[Source "ChessBase"]
[SourceDate "2019.10.17"]
[SourceVersion "1"]
[SourceVersionDate "2019.10.17"]
[SourceQuality "1"]
[WhiteTeam "Povazske Podhradie II"]
[BlackTeam "Dubnica nad Vahom III"]
[WhiteTeamCountry "SVK"]
[BlackTeamCountry "SVK"]

1. d4 c5 2. d5 e6 3. Nc3 exd5 4. Nxd5 Ne7 5. Bg5 h6 6. Bh4 Qa5+ 7. c3 Nbc6 8. Nf3 Nxd5 9. Qxd5 Ne7 10. Qd6 Qb6 11. Qxb6 axb6 12. e4 Nc6 13. Bb5 f6 14. Bg3 Ra5 15. Bc4 b5 16. Be2 d6 17. 0-0 c4 18. Rfd1 Ne5 19. Nd4 Bd7 20. f4 Nf7 21. Bh5 Be7 22. f5 0-0 23. Nf3 Ne5 24. Nxe5 fxe5 25. Bxe5 Bxf5 26. Bxd6 Bxd6 27. exf5 Rxf5 28. Rxd6 Rxh5 29. a3 Ra6 30. Rd7 Re6 31. Rxb7 Re2 32. a4 Rd5 33. Rxb5 Rdd2 34. Rf5 Rxg2+ 35. Kh1 Rxb2 36. Rh5 Rgc2 1/2-1/2

[Event "SVK-chT3B2 1617"]
[Site "Slovakia"]
[Date "2017.01.15"]
[Round "6.6"]
[White "Struhar, Jozef"]
[Black "Malinovsky, Jozef"]
[Result "1-0"]
[WhiteElo "1712"]
[BlackElo "1794"]
[PlyCount "55"]
[EventDate "2016.10.16"]
[EventType "team-tourn"]
[EventRounds "11"]
[EventCountry "SVK"]
[SourceTitle "EXT 2018"]
[Source "ChessBase"]
[SourceDate "2017.10.13"]
[SourceVersion "1"]
[SourceVersionDate "2017.10.13"]
[SourceQuality "1"]
[WhiteTeam "Dubnica nad Vahom III"]
[BlackTeam "Povazska Bystrica Sparta III"]
[WhiteTeamCountry "SVK"]
[BlackTeamCountry "SVK"]

1. e4 c5 2. Nf3 d6 3. d4 Nf6 4. Nc3 cxd4 5. Nxd4 a6 6. f4 e5 7. Nf3 Qc7 8. Bd3 Nbd7 9. 0-0 Qc5+ 10. Kh1 Ng4 11. Qe2 Ndf6 12. h3 Nh5 13. Qe1 exf4 14. hxg4 Ng3+ 15. Kh2 g5 16. Na4 Nxf1+ 17. Qxf1 h5 18. Nxc5 hxg4+ 19. Kg1 dxc5 20. Nxg5 c4 21. Qxf4 Be6 22. Nxe6 fxe6 23. Qe5 Rh7 24. Bxc4 Rd8 25. Qxe6+ Re7 26. Qg6+ Kd7 27. Bg5 g3 28. Bxe7 1-0

[Event "SVK-chT3B2 1516"]
[Site "Slovakia"]
[Date "2016.03.06"]
[Round "9.5"]
[White "Struhar, Jozef"]
[Black "Bezak, Radovan"]
[Result "0-1"]
[WhiteElo "1754"]
[BlackElo "1659"]
[PlyCount "98"]
[EventDate "2015.10.11"]
[EventType "team-tourn"]
[EventRounds "11"]
[EventCountry "SVK"]
[SourceTitle "EXT 2017"]
[Source "ChessBase"]
[SourceDate "2016.10.25"]
[SourceVersion "1"]
[SourceVersionDate "2016.10.25"]
[SourceQuality "1"]
[WhiteTeam "Dubnica nad Vahom III"]
[BlackTeam "Chynorany"]
[WhiteTeamCountry "SVK"]
[BlackTeamCountry "SVK"]

1. e4 e5 2. Nc3 Nf6 3. f4 exf4 4. e5 Ng8 5. Nf3 d6 6. d4 dxe5 7. dxe5 Qxd1+ 8. Nxd1 Bf5 9. Nd4 Ne7 10. Bxf4 Be6 11. Nc3 a6 12. Nxe6 fxe6 13. Bc4 Ng6 14. Bg3 Ke7 15. 0-0-0 b5 16. Bb3 Nd7 17. Rhe1 Nc5 18. Ne4 Nxb3+ 19. axb3 Ke8 20. Ng5 Ke7 21. c3 h6 22. Ne4 Ke8 23. b4 Rd8 24. Kc2 Ra8 25. h4 Be7 26. h5 Nf8 27. Rd3 Nd7 28. Red1 Rd8 29. Kb3 Rf8 30. Rf3 Rxf3 31. gxf3 Nc5+ 32. Kc2 Rxd1 33. Kxd1 Nxe4 34. fxe4 Kd7 35. Bf2 Bg5 36. Kc2 Bf4 37. Bd4 Ke7 38. Kd3 Kf7 39. c4 g6 40. cxb5 axb5 41. Bc3 gxh5 42. Be1 Bxe5 43. b3 Kg6 44. Ke3 Kg5 45. Kf3 h4 46. Bd2+ Kh5 47. Kg2 Kg4 48. Bxh6 h3+ 49. Kf2 Bd4+ 0-1

[Event "SVK-chT3B2 1516"]
[Site "Slovakia"]
[Date "2016.01.10"]
[Round "5.6"]
[White "Huserka, Frantisek"]
[Black "Struhar, Jozef"]
[Result "0-1"]
[WhiteElo "1438"]
[BlackElo "1754"]
[PlyCount "103"]
[EventDate "2015.10.11"]
[EventType "team-tourn"]
[EventRounds "11"]
[EventCountry "SVK"]
[SourceTitle "CBM 170 Extra"]
[Source "ChessBase"]
[SourceDate "2016.02.25"]
[SourceVersion "1"]
[SourceVersionDate "2016.02.25"]
[SourceQuality "1"]
[WhiteTeam "Nemsova Horne Srnie"]
[BlackTeam "Dubnica nad Vahom III"]
[WhiteTeamCountry "SVK"]
[BlackTeamCountry "SVK"]

1. e4 c5 2. Nf3 Nc6 3. Nc3 a6 4. d4 cxd4 5. Nxd4 d6 6. Nxc6 bxc6 7. Bd3 g6 8. 0-0 Bg7 9. Bd2 e6 10. Rb1 Ne7 11. Qe1 0-0 12. Na4 c5 13. Ba5 Qe8 14. Nb6 Rb8 15. Nxc8 Qxc8 16. Bc3 Nc6 17. Bxg7 Kxg7 18. a3 Rb6 19. Qd2 Qc7 20. Rfe1 Rfb8 21. f4 Nd4 22. c3 Nb3 23. Qe2 Qc6 24. f5 e5 25. Rf1 f6 26. Bc4 g5 27. Bd5 Qc7 28. Rf2 a5 29. a4 Rc8 30. Bc4 Rcb8 31. Bb5 Rc8 32. Qc4 Qf7 33. Qxf7+ Kxf7 34. Rd1 Ke7 35. Rf3 h5 36. h3 c4 37. Re3 Nc5 38. Bxc4 Rxb2 39. Ra1 Nb3 40. Be6 Rb8 41. Ra3 Nc5 42. Bd5 Rd2 43. Bc4 Rbb2 44. Bf1 Rb1 45. c4 Rdd1 46. Rf3 g4 47. hxg4 hxg4 48. Rf2 Nxe4 49. Raa2 Nxf2 50. Rxf2 g3 51. Rf3 e4 52. Rf4 0-1

[Event "SVK-chT3B2 1516"]
[Site "Slovakia"]
[Date "2015.11.29"]
[Round "3.5"]
[White "Struhar, Jozef"]
[Black "Mego, Peter"]
[Result "1/2-1/2"]
[WhiteElo "1754"]
[BlackElo "1753"]
[PlyCount "71"]
[EventDate "2015.10.11"]
[EventType "team-tourn"]
[EventRounds "11"]
[EventCountry "SVK"]
[SourceTitle "CBM 170 Extra"]
[Source "ChessBase"]
[SourceDate "2016.02.25"]
[SourceVersion "1"]
[SourceVersionDate "2016.02.25"]
[SourceQuality "1"]
[WhiteTeam "Dubnica nad Vahom III"]
[BlackTeam "Povazske Podhradie"]
[WhiteTeamCountry "SVK"]
[BlackTeamCountry "SVK"]

1. e4 e6 2. d4 d5 3. Nc3 dxe4 4. Nxe4 Nf6 5. Bd3 Nxe4 6. Bxe4 Nd7 7. c3 Nf6 8. Bc2 Bd6 9. Bg5 h6 10. Be3 Nd5 11. Qd2 Nxe3 12. Qxe3 Bd7 13. Nf3 Bc6 14. 0-0-0 Bxf3 15. Qxf3 Qg5+ 16. Kb1 c6 17. g3 Be7 18. Rhe1 Qf6 19. Qg2 0-0-0 20. Re5 Rd5 21. f4 Bd6 22. Rxd5 exd5 23. Qh3+ Kc7 24. Re1 Qd8 25. Qg4 g6 26. Qe2 Kd7 27. Qg4+ Kc7 28. Qe2 Kd7 29. Qg4+ Kc7 30. f5 Re8 31. Rxe8 Qxe8 32. fxg6 Qe1+ 33. Qd1 Qxd1+ 34. Bxd1 fxg6 35. Kc2 Be7 36. Kd3 1/2-1/2

[Event "SVK-chT3B2 1516"]
[Site "Slovakia"]
[Date "2015.10.11"]
[Round "1.4"]
[White "Struhar, Jozef"]
[Black "Belak, Stefan"]
[Result "0-1"]
[WhiteElo "1754"]
[BlackElo "1938"]
[PlyCount "146"]
[EventDate "2015.10.11"]
[EventType "team-tourn"]
[EventRounds "11"]
[EventCountry "SVK"]
[SourceTitle "CBM 170 Extra"]
[Source "ChessBase"]
[SourceDate "2016.02.25"]
[SourceVersion "1"]
[SourceVersionDate "2016.02.25"]
[SourceQuality "1"]
[WhiteTeam "Dubnica nad Vahom III"]
[BlackTeam "Povazska Bystrica III"]
[WhiteTeamCountry "SVK"]
[BlackTeamCountry "SVK"]

1. e4 e6 2. d4 d5 3. Nc3 Bb4 4. e5 c5 5. a3 Bxc3+ 6. bxc3 Qa5 7. Bd2 Qa4 8. Be3 c4 9. Be2 Nc6 10. f4 Nge7 11. Nf3 Bd7 12. 0-0 0-0-0 13. Qc1 Kb8 14. Rb1 Bc8 15. Qb2 Ka8 16. Qa2 Rdf8 17. Rb2 h6 18. Rfb1 Rhg8 19. Rb5 Rd8 20. Qb2 Rd7 21. Ra1 b6 22. Rb4 Nxb4 23. cxb4 Rc7 24. c3 Qe8 25. a4 a6 26. Qd2 f6 27. Bd1 Bd7 28. Bc2 Qh5 29. h3 f5 30. h4 Ng6 31. Qf2 Nf8 32. Bd1 Qf7 33. g3 g6 34. Kh2 Nh7 35. Qd2 Be8 36. Kg2 Qf8 37. a5 b5 38. Ng5 hxg5 39. fxg5 f4 40. Bxf4 Rf7 41. Bc2 Qg7 42. Rf1 Rgf8 43. Rh1 Rf5 44. Kh3 Qf7 45. Kg4 Qg7 46. Bd1 Qf7 47. Qe3 Qe7 48. Be2 Rh8 49. Qd2 Rff8 50. Bd1 Qf7 51. Kh3 Bd7 52. Rh2 Rhg8 53. Bg4 Rh8 54. Re2 Bc8 55. Rg2 Bd7 56. Kh2 Qe8 57. Re2 Rf7 58. Rg2 Nf8 59. Re2 Bc8 60. Rg2 Nd7 61. Re2 Nb8 62. Qc2 Rff8 63. Kg2 Nc6 64. Rf2 Ne7 65. Kf3 Nf5 66. Rh2 Qf7 67. Qd2 Ng7 68. Qe3 Nh5 69. Qd2 Qh7 70. Kg2 Qf7 71. Kf3 Rh7 72. Qe3 Rfh8 73. Qf2 Ng7 0-1

[Event "SVK-chT3B2 1112"]
[Site "Slovakia"]
[Date "2011.11.27"]
[Round "3.1"]
[White "Hrdy, Milos"]
[Black "Struhar, Jozef"]
[Result "1-0"]
[WhiteElo "1790"]
[BlackElo "1772"]
[PlyCount "79"]
[EventDate "2011.10.23"]
[EventType "team-tourn"]
[EventRounds "9"]
[EventCountry "SVK"]
[SourceTitle "EXT 2013"]
[Source "ChessBase"]
[SourceDate "2012.11.22"]
[SourceVersion "1"]
[SourceVersionDate "2012.11.22"]
[SourceQuality "1"]
[WhiteTeam "Prievidza SK IV"]
[BlackTeam "Dubnica nad Vahom III"]
[WhiteTeamCountry "SVK"]
[BlackTeamCountry "SVK"]

1. d4 Nf6 2. Nf3 e6 3. e3 c5 4. b3 d5 5. Bd3 Nc6 6. 0-0 Nb4 7. Be2 Ne4 8. a3 Nc6 9. Bb2 cxd4 10. exd4 Be7 11. Nbd2 Nxd2 12. Qxd2 a6 13. Ne5 0-0 14. Bd3 Bf6 15. f4 g6 16. Rf3 Qc7 17. Rc1 Bg7 18. Qf2 f6 19. Nxc6 bxc6 20. c4 Rb8 21. Bb1 Qb7 22. cxd5 exd5 23. b4 Bd7 24. f5 g5 25. Re1 Rfe8 26. Rfe3 Rxe3 27. Rxe3 Re8 28. Rxe8+ Bxe8 29. Qe2 Kf8 30. Bd3 a5 31. Bc3 Qd7 32. bxa5 Kg8 33. Bb4 Bf8 34. Qe6+ Qxe6 35. fxe6 c5 36. Bxc5 Bxc5 37. dxc5 h5 38. a6 Kf8 39. a7 Bc6 40. Bb5 1-0